BUSINESS AND PROFESSIONAL COMMUNICATION:KEYS FOR WORKPLACE EXCELLENCE (Record no. 189893)
[ view plain ]
| 000 -LEADER | |
|---|---|
| fixed length control field | 00383nam a22001337a 4500 |
| 020 ## - INTERNATIONAL STANDARD BOOK NUMBER | |
| International Standard Book Number | 978-81-321-0624-1 |
| 082 ## - DEWEY DECIMAL CLASSIFICATION NUMBER | |
| Classification number | 651.7 QUI/BU |
| 100 ## - MAIN ENTRY--PERSONAL NAME | |
| Personal name | KELLY M QUINTANILLA,SHAWN T WAHL |
| 245 ## - TITLE STATEMENT | |
| Title | BUSINESS AND PROFESSIONAL COMMUNICATION:KEYS FOR WORKPLACE EXCELLENCE |
| 250 ## - EDITION STATEMENT | |
| Edition statement | 1 |
| 260 ## - PUBLICATION, DISTRIBUTION, ETC. (IMPRINT) | |
| Place of publication, distribution, etc. | NEWDELHI |
| Name of publisher, distributor, etc. | SAGE PUBLICATIONS INDIA PVT LTD |
| Date of publication, distribution, etc. | 2011 |
| 300 ## - PHYSICAL DESCRIPTION | |
| Extent | 351p. |
| 942 ## - ADDED ENTRY ELEMENTS (KOHA) | |
| Source of classification or shelving scheme | Dewey Decimal Classification |
| Koha item type | Books (General) |
| Withdrawn status | Lost status | Source of classification or shelving scheme | Damaged status | Not for loan | Collection code | Home library | Current library | Shelving location | Date acquired | Cost, normal purchase price | Total Checkouts | Full call number | Date last seen | Price effective from | Koha item type |
|---|---|---|---|---|---|---|---|---|---|---|---|---|---|---|---|
| Dewey Decimal Classification | Malayalam | College of Co-operation, Banking & Management Library, Vellanikkara | College of Co-operation, Banking & Management Library, Vellanikkara | 06/10/2017 | 475.00 | 651.7 QUI/BU | 06/10/2017 | 06/10/2017 | Books (General) |
